Radical feminists of Heterodoxy : (Record no. 542095)
[ view plain ]
| 000 -LEADER | |
|---|---|
| fixed length control field | 00567cam a2200169 a 4500 |
| 082 00 - DEWEY DECIMAL CLASSIFICATION NUMBER | |
| Classification number | 296.832 |
| Author Mark | SCH |
| -- | D |
| 100 1# - MAIN ENTRY--PERSONAL NAME | |
| Personal name | Schwarz, Judith. |
| 9 (RLIN) | 37197 |
| 245 10 - TITLE STATEMENT | |
| Title | Radical feminists of Heterodoxy : |
| Remainder of title | Greenwich Village, 1912-1940 / |
| Statement of responsibility, etc. | by Judith Schwarz. |
| 250 ## - EDITION STATEMENT | |
| Edition statement | Rev. ed. |
| 260 ## - PUBLICATION, DISTRIBUTION, ETC. | |
| Place of publication, distribution, etc. | Norwich, Vt. : |
| Name of publisher, distributor, etc. | New Victoria Publishers, |
| Date of publication, distribution, etc. | c1986. |
| 300 ## - PHYSICAL DESCRIPTION | |
| Extent | viii, 147 p. : |
| Other physical details | ill. ; |
| Dimensions | 22 cm. |
| 500 ## - GENERAL NOTE | |
| General note | Includes index. |
| 526 ## - STUDY PROGRAM INFORMATION NOTE | |
| Program name | 0 |
| Interest level | 0 |
| Reading level | 0 |
| Title point value | 296_832000000000000_SCH |
| 650 #0 - SUBJECT ADDED ENTRY--TOPICAL TERM | |
| Topical term or geographic name entry element | Feminism |
| Geographic subdivision | New York (State) |
| -- | New York |
| General subdivision | History |
| 9 (RLIN) | 37198 |
| 650 #0 - SUBJECT ADDED ENTRY--TOPICAL TERM | |
| Topical term or geographic name entry element | MCE |
| 9 (RLIN) | 379 |
| 942 ## - ADDED ENTRY ELEMENTS (KOHA) | |
| Source of classification or shelving scheme | |
| Koha item type | Book |
| Withdrawn status | Lost status | Source of classification or shelving scheme | Damaged status | Not for loan | Permanent Location | Current Location | Date acquired | Total Checkouts | Full call number | Barcode | Date last seen | Price effective from | Koha item type |
|---|---|---|---|---|---|---|---|---|---|---|---|---|---|
| Military College of Engineering (MCE) | Military College of Engineering (MCE) | 09/19/2013 | 296.832 SCH | MCE-35152 | 09/19/2013 | 09/19/2013 | Book |
